| 000 | 00633nam a2200145Ia 4500 | ||
|---|---|---|---|
| 008 | 170221s9999 xx 000 0 und d | ||
| 100 | _aSepehri,Mohamad. | ||
| 245 | 2 | _aA survey review in conflict management strategies: The case study for selected hotels in Turkey | |
| 245 | _cMohamad Sepehri, Jacksonville University; Orhan Batman, The University of Sakarya; Said Kingir, The University of Siirt; Özgür Arpaci, Tourism Administration Executive. | ||
| 260 | _bJournal of Management and Marketing Research | ||
| 260 | _c2012 | ||
| 300 | _a32 : 2 | ||
| 650 | _xBusiness | ||
| 856 | _uhttp://www.aabri.com/manuscripts/141842.pdf | ||
| 999 |
_c311185 _d311185 |
||